000
00264nam a2200097Ia 4500
082
_a
027.625 MOHA
245
0
_a
Library services for children
100
_a
MOHANRAJ, V M. New Delhi, 2004
_9
74523
942
_c
BK
008
210817s9999 xx 000 0 und d
999
_c
245585
_d
245584